| 000 | 00653nam a2200193 i 4500 | ||
|---|---|---|---|
| 001 | 77549 | ||
| 003 | ES-MaACL | ||
| 005 | 20230906173253.0 | ||
| 007 | t| | ||
| 008 | 041020s2003 sp ||||1| spa d | ||
| 020 | _a84-7799-976-7 | ||
| 080 | _a305-055.2(460)"19" | ||
| 245 | 0 | 0 |
_aHistoria de las mujeres en España _b: siglo XX / _cJosefina Cuesta Bustillo... [et al.] ; Josefina Cuesta Bustillo (dir.). |
| 260 |
_aMadrid : _bInstituto de la Mujer, _c[2003] |
||
| 300 |
_a4 v. : _bil. gráf. ; _c23 cm. |
||
| 650 | 1 | 4 |
_aMujeres- _zEspaña- _yS.XX. _915282 |
| 710 | 2 |
_aInstituto de la Mujer (España) _94980 |
|
| 852 |
_aES-MaACL _jL-28306-09 _bR.134237 |
||
| 999 |
_c77549 _d77549 |
||